A sociology of language

Saved in:
Bibliographic Details
Main Author: Hertzler, Joyce Oramel, 1895-1975
Format: Book
Language:English
Published: New York : Random House, [1965]
Subjects:
Tags: Add Tag
No Tags, Be the first to tag this record!

MARC

LEADER 00000cam a2200000 a 4500
001 1/113597
008 170403s1965####nyu| ||| |||| ||eng||
040 |a GR-MyUa  |b gre  |c GR-MyUa  |e AACR2 
041 0 |a eng 
082 7 |a 400   |2 (23) 
100 1 |a Hertzler, Joyce Oramel,   |d 1895-1975. 
245 1 2 |a A sociology of language /   |c [by] Joyce O. Hertzler.  
260 |a New York :   |b Random House,   |c [1965]  
300 |a xii, 559 σ. ;   |c 24 εκ.  
504 |a Βιβλιογραφία: σ. 515-548.  
650 0 |a Language and languages 
852 |a INST  |b LESVOS  |e 20170403  |h 400 HER  |p 005100059036  |q 005100059036  |t BK  |y 0 
970 |a Τζαφέρη  |b Ευαγγελία  |z 03-04-2017